| 000 | 00425 a2200157 4500 | ||
|---|---|---|---|
| 008 | 130514b xxu||||| |||| 00| 0 eng d | ||
| 020 | _a9966768548 | ||
| 050 | _aHQ1127.I85 2008 | ||
| 100 | _aIsiguzo,Irene Nndali | ||
| 245 |
_aWomanhood : _bthe hidden treasures / _cIrene Nndali Isiguzo |
||
| 260 |
_c2008 _bUzima Press _aNairobi,Kenya |
||
| 300 | _aXii,112p. | ||
| 650 | _aWomen. | ||
| 650 | _aPuberty. | ||
| 942 |
_cBK _2lcc |
||
| 999 |
_c41379 _d41379 |
||